000 00498nam a2200181 a 4500
005 20230125101452.0
008 230120t2020 my ||||| |||| 00| 0 eng d
020 0 0 _a9789678928380
040 _aAKMAL
082 _a340.09595 MAL
090 _a340.09595
_bMAL
245 1 0 _aUndang-undang Am Malaysia Jilid 3
_cMalaysia
260 0 0 _aPetaling Jaya :
_bILBS,
_c2020
300 _a572p. :
_bill. ;
_c24cm
599 _aDALAM PROSES
650 0 0 _aMalaysia
_xLaw and legislation
_99453
942 _2ddc
_cBOOK
999 _c4957
_d4957